<?xml version="1.0" encoding="UTF-8"?>
<record
    xmlns:xsi="http://www.w3.org/2001/XMLSchema-instance"
    xsi:schemaLocation="http://www.loc.gov/MARC21/slim http://www.loc.gov/standards/marcxml/schema/MARC21slim.xsd"
    xmlns="http://www.loc.gov/MARC21/slim">

  <leader>02653cam a2200289 a 4500</leader>
  <controlfield tag="001">16501037</controlfield>
  <controlfield tag="005">20130130132522.0</controlfield>
  <controlfield tag="008">101014s2010    dcua     b   i001 0 eng d</controlfield>
  <datafield tag="010" ind1=" " ind2=" ">
    <subfield code="a">  2010283313</subfield>
  </datafield>
  <datafield tag="020" ind1=" " ind2=" ">
    <subfield code="a">1589069390 (pbk.)</subfield>
  </datafield>
  <datafield tag="020" ind1=" " ind2=" ">
    <subfield code="a">9781589069398 (pbk.)</subfield>
  </datafield>
  <datafield tag="082" ind1="0" ind2="0">
    <subfield code="a">332</subfield>
    <subfield code="2">23</subfield>
    <subfield code="b">MAC</subfield>
  </datafield>
  <datafield tag="245" ind1="0" ind2="0">
    <subfield code="a">Macrofinancial Linkages :</subfield>
    <subfield code="b">Trends, Crises, and Policies /</subfield>
    <subfield code="c">editors, Christopher Crowe ... [et al.].</subfield>
  </datafield>
  <datafield tag="260" ind1=" " ind2=" ">
    <subfield code="a">[Washington, D.C.] :</subfield>
    <subfield code="b">International Monetary Fund,</subfield>
    <subfield code="c">c2010.</subfield>
  </datafield>
  <datafield tag="300" ind1=" " ind2=" ">
    <subfield code="a">xviii, 585 p. :</subfield>
    <subfield code="b">ill. ;</subfield>
    <subfield code="c">23 cm.</subfield>
  </datafield>
  <datafield tag="504" ind1=" " ind2=" ">
    <subfield code="a">Includes bibliographical references and index.</subfield>
  </datafield>
  <datafield tag="505" ind1="0" ind2=" ">
    <subfield code="a">Financial boom-bust cycles -- Lending booms and lending standards / Giovanni Dell'Ariccia, Robert Marquez -- Are weak banks leading credit boom? : Evidence from emerging Europe / Deniz Igan, Natalia Tamirisa -- Growth dynamics : the myth of economic review / Valerie Cerra, Sweta Chaman Saxena -- From subprime loans to subprime growth? : Evidence for the euro area / Martin &#xFFFD;Cih&#xFFFD;ak, Petya Koeva Brooks -- The real effect of banking crises / Giovanni Dell'Ariccia, Enrica Detragiache, Raghuram Rajan -- Systemic crises and growth / Romain Ranci&#xFFFD;ere, Aaron Tornell, Frank Westermann -- Financial integration. financial liberalization, and economic performance -- The external wealth of nations Mark II : revised and extended estimates of foreign assets and liabilities, 1970-2004 / Philip R. Lane, Gian Maria Milesi-Ferretti -- Reaping the benefits of financial globalization / Giovanni Dell'Ariccia ... [et al.] -- Financial globalization : a reappraisal / M. Ayhan Kose ... [et al.] -- International financial integration and economic growth / Hali Edison ... [et al.] --</subfield>
  </datafield>
  <datafield tag="505" ind1="0" ind2=" ">
    <subfield code="a">The quality effect : does financial liberalization improve the allocation of capital? / Abdul Abiad, Nienke Oomes, Kenichi Ueda -- Policy issues -- Monetary policy and asset prices : does "benign neglect" make sense? / Michael D. Bordo, Olivier Jeanne -- Corporate governance quality : trends and real effects / Gianni de Nicol&#xFFFD;o, Luc Laeven, Kenichi Ueda -- Country insurance : the role of domestic policies / T&#xFFFD;orbj&#xFFFD;orn Becker ... [et al.] -- International reserves in emerging market countries : too much of a good thing? / Olivier Jeanne -- Policy responses to systemic banking crises / Luc Laeven, Fabian Valencia.</subfield>
  </datafield>
  <datafield tag="650" ind1=" " ind2="0">
    <subfield code="a">Financial crises.</subfield>
    <subfield code="9">32159</subfield>
  </datafield>
  <datafield tag="650" ind1=" " ind2="0">
    <subfield code="a">Credit.</subfield>
    <subfield code="9">32160</subfield>
  </datafield>
  <datafield tag="650" ind1=" " ind2="0">
    <subfield code="a">International finance.</subfield>
    <subfield code="9">32161</subfield>
  </datafield>
  <datafield tag="650" ind1=" " ind2="0">
    <subfield code="a">Monetary policy.</subfield>
    <subfield code="9">32162</subfield>
  </datafield>
  <datafield tag="653" ind1=" " ind2=" ">
    <subfield code="b">Eco</subfield>
    <subfield code="c">January2013</subfield>
  </datafield>
  <datafield tag="700" ind1="1" ind2=" ">
    <subfield code="a">Crowe, Christopher</subfield>
    <subfield code="q">(Christopher W.)</subfield>
    <subfield code="9">32163</subfield>
  </datafield>
  <datafield tag="710" ind1="2" ind2=" ">
    <subfield code="a">International Monetary Fund.</subfield>
    <subfield code="9">32164</subfield>
  </datafield>
  <datafield tag="942" ind1=" " ind2=" ">
    <subfield code="2">ddc</subfield>
    <subfield code="c">BB</subfield>
  </datafield>
  <datafield tag="999" ind1=" " ind2=" ">
    <subfield code="c">17177</subfield>
    <subfield code="d">17149</subfield>
  </datafield>
  <datafield tag="952" ind1=" " ind2=" ">
    <subfield code="0">0</subfield>
    <subfield code="1">0</subfield>
    <subfield code="2">ddc</subfield>
    <subfield code="4">0</subfield>
    <subfield code="7">0</subfield>
    <subfield code="8">M-E-O</subfield>
    <subfield code="a">MAIN</subfield>
    <subfield code="b">MAIN</subfield>
    <subfield code="c">1ST</subfield>
    <subfield code="d">2013-01-30</subfield>
    <subfield code="e">purchase</subfield>
    <subfield code="g">299.00</subfield>
    <subfield code="h">001340</subfield>
    <subfield code="l">1</subfield>
    <subfield code="m">2</subfield>
    <subfield code="o">332 MAC</subfield>
    <subfield code="p">000027939</subfield>
    <subfield code="r">2025-07-15 00:00:00</subfield>
    <subfield code="s">2013-08-28</subfield>
    <subfield code="y">BB</subfield>
  </datafield>
</record>
